000 00684nam a2200241Ia 4500
005 20260430150130.0
008 008 250103s9999 xx 000 0 eng d
037 _aTheses
040 _aCRL
040 _beng
040 _ceng
041 _2eng
041 _aeng
084 _qCRL
100 _aDaryal Anjali Au.; Sharma Kavita Gu.
_91236555
245 0 _aConsumer Confusion and its Role in consumer behaviour- a Study of unconventional cosmetic Products
260 _c2022
300 _a224p.
650 _aCommerce
700 _aUniversity of Delhi. Faculty of Commerce & Business Studies. Deptt. of Commerce
_91236542
942 _cTH
999 _c1849026
_d1849026